| 000 | 00726cam a22002053a 4500 | ||
|---|---|---|---|
| 001 | 41891 | ||
| 003 | PGUSA | ||
| 005 | 20140828083938.0 | ||
| 008 | 130121s2013||||xxu|||||s|||||000 | eng d | ||
| 040 |
_aPGUSA _beng |
||
| 042 | _adc | ||
| 100 | 1 | _aWeeks, Lyman Horace | |
| 245 | 1 | 0 |
_aAutomobile Biographies : _bAn Account of the Lives and the Work of Those Who Have Been Identified with the Invention and Development of Self-Propelled Vehicles on the Common Roads _h[electronic resource] / _cLyman Horace Weeks |
| 260 |
_bProject Gutenberg, _c2013 |
||
| 506 | _aPublic domain in the USA. | ||
| 516 | _aElectronic text | ||
| 830 | 0 |
_aProject Gutenberg _v41891 |
|
| 856 | 4 | 0 | _uhttp://www.gutenberg.org/ebooks/41891 |
| 942 | _cEB | ||
| 999 |
_c271143 _d271143 |
||